| 000 | 00933nam a22002417a 4500 | ||
|---|---|---|---|
| 999 |
_c6921 _d6921 |
||
| 003 | AR-CdUCM | ||
| 008 | 190319b ||||| |||| 00| 0 spa d | ||
| 040 |
_aMUNICIPALIDAD PROVINCIAL DEL CUSCO _cBIBLIOTECA MUNICIPAL DEL CUSCO |
||
| 041 | _heng | ||
| 082 |
_a631.53 / _bH33 |
||
| 100 |
_aHartmann, Hudson Thomas, _919501 |
||
| 245 |
_aPropagación de plantas : _bprincipios y prácticas / |
||
| 260 |
_aMexico : _bContinental. _c1971. |
||
| 300 |
_a810 paginas ; _bIlustraciones, _c22 cm. |
||
| 500 | _aTitulo original : Plant propagation | ||
| 505 | _aAspectos generales de la propagación -- Propagación sexual -- Propagación asexual -- Métodos especiales de propagación -- Propagación de plantas selectas. | ||
| 650 |
_aPlantas selectas _919502 |
||
| 650 |
_aPropagacion _919503 |
||
| 650 |
_aSemilla genética _919504 |
||
| 700 |
_aAmbrosio Marino, Antonio (Traductor) _919505 |
||
| 942 |
_2ddc _cLIBROS |
||
| 945 | _awnts | ||